000 00578nam a2200229Ia 4500
003 OSt
005 20220926050022.0
006 a|||||r|||| 00| 0
007 ta
008 220923b |||||||| |||| 00| 0 eng d
037 _cGeneral Book
040 _aRTL
_cRTL
_beng
041 _2eng
_aeng
082 _aYb4, L9
100 _aLavania M. M.
_9263666
245 0 _aResearch Methods & Field Teaching
260 _c1979
300 _a292p
_ccm.
700 _a Jain B. M.
942 _hYb4, L9
_cGB
_2CC
999 _c679275
_d679275